ICI 2. Methode de francais A2 + CD / (ბიბ.ჩანაწერი № 54261)
[ მარტივი ფორმატი ]
| 000 -LEADER | |
|---|---|
| fixed length control field | 00806nam a2200265Ia 4500 |
| 001 - CONTROL NUMBER | |
| control field | 21317 |
| 003 - CONTROL NUMBER IDENTIFIER | |
| control field | GE_BSU |
| 005 - DATE AND TIME OF LATEST TRANSACTION | |
| control field | 20211022161752.0 |
| 008 - FIXED-LENGTH DATA ELEMENTS--GENERAL INFORMATION | |
| fixed length control field | 181216s2008||||fr |||||||||||||| ||fre|| |
| 020 ## - INTERNATIONAL STANDARD BOOK NUMBER | |
| International Standard Book Number | 9782090353143 |
| 040 ## - CATALOGING SOURCE | |
| Transcribing agency | GE_BSU |
| 041 ## - LANGUAGE CODE | |
| Language code of text/sound track or separate title | fre |
| 080 ## - UNIVERSAL DECIMAL CLASSIFICATION NUMBER | |
| Universal Decimal Classification number | 811.133.1 I-33 |
| 245 ## - TITLE STATEMENT | |
| Title | ICI 2. Methode de francais A2 + CD / |
| Statement of responsibility, etc. | D. Abry, Y. Daas, C. Fert ; Edition Virginie Poitrasson. |
| 264 ## - PRODUCTION, PUBLICATION, DISTRIBUTION, MANUFACTURE, AND COPYRIGHT NOTICE | |
| Place of production, publication, distribution, manufacture | Paris : |
| Name of producer, publisher, distributor, manufacturer | CLE International, |
| Date of production, publication, distribution, manufacture, or copyright notice | 2008. |
| 300 ## - PHYSICAL DESCRIPTION | |
| Extent | 127 p. : |
| Other physical details | ill. ; |
| Dimensions | 29cm. |
| Accompanying material | +cd. |
| 653 ## - INDEX TERM--UNCONTROLLED | |
| keyword | ICI 2. Methode de francais A2 |
| 653 ## - INDEX TERM--UNCONTROLLED | |
| keyword | Французский язык |
| 653 ## - INDEX TERM--UNCONTROLLED | |
| keyword | ფრანგული ენა |
| 700 ## - ADDED ENTRY--PERSONAL NAME | |
| Personal name | Abry, D. |
| Relator term | by |
| 9 (RLIN) | 12725 |
| 700 ## - ADDED ENTRY--PERSONAL NAME | |
| Personal name | Daas,Y. |
| Relator term | by |
| 9 (RLIN) | 12726 |
| 700 ## - ADDED ENTRY--PERSONAL NAME | |
| Personal name | Poitrasson, Virginie |
| Relator term | Edition |
| 9 (RLIN) | 12727 |
| 942 ## - ADDED ENTRY ELEMENTS (KOHA) | |
| Koha item type | წიგნი |
| Source of classification or shelving scheme | |
| Withdrawn status | Lost status | Source of classification or shelving scheme | Damaged status | Not for loan | Permanent Location | Current Location | Shelving location | Date acquired | Cost, normal purchase price | Full call number | Barcode | Date last seen | Copy number | Price effective from | Koha item type | Public note |
|---|---|---|---|---|---|---|---|---|---|---|---|---|---|---|---|---|
| ბათუმის შოთა რუსთაველის სახელმწიფო უნივერსიტეტის მთავარი ბიბლიოთეკა | ბათუმის შოთა რუსთაველის სახელმწიფო უნივერსიტეტის მთავარი ბიბლიოთეკა | წიგნსაცავი | 2018-12-17 | 93.00 | 811.133.1 I-33 | 55225 | 2018-12-17 | 55225 | 2018-12-17 | წიგნი | 93.00 GEL. | |||||
| ბათუმის შოთა რუსთაველის სახელმწიფო უნივერსიტეტის მთავარი ბიბლიოთეკა | ბათუმის შოთა რუსთაველის სახელმწიფო უნივერსიტეტის მთავარი ბიბლიოთეკა | წიგნსაცავი | 2018-12-17 | 93.00 | 811.133.1 I-33 | 55226 | 2018-12-17 | 55226 | 2018-12-17 | წიგნი | 93.00 GEL. | |||||
| ბათუმის შოთა რუსთაველის სახელმწიფო უნივერსიტეტის მთავარი ბიბლიოთეკა | ბათუმის შოთა რუსთაველის სახელმწიფო უნივერსიტეტის მთავარი ბიბლიოთეკა | წიგნსაცავი | 2018-12-17 | 84.00 | 811.133.1 I-33 | 57828 | 2018-12-17 | 57828 | 2018-12-17 | წიგნი | 84.00 GEL. | |||||
| ბათუმის შოთა რუსთაველის სახელმწიფო უნივერსიტეტის მთავარი ბიბლიოთეკა | ბათუმის შოთა რუსთაველის სახელმწიფო უნივერსიტეტის მთავარი ბიბლიოთეკა | წიგნსაცავი | 2018-12-17 | 84.00 | 811.133.1 I-33 | 57829 | 2018-12-17 | 57829 | 2018-12-17 | წიგნი | 84.00 GEL. | |||||
| ბათუმის შოთა რუსთაველის სახელმწიფო უნივერსიტეტის მთავარი ბიბლიოთეკა | ბათუმის შოთა რუსთაველის სახელმწიფო უნივერსიტეტის მთავარი ბიბლიოთეკა | წიგნსაცავი | 2018-12-17 | 84.00 | 811.133.1 I-33 | 57830 | 2018-12-17 | 57830 | 2018-12-17 | წიგნი | 84.00 GEL. | |||||
| ბათუმის შოთა რუსთაველის სახელმწიფო უნივერსიტეტის მთავარი ბიბლიოთეკა | ბათუმის შოთა რუსთაველის სახელმწიფო უნივერსიტეტის მთავარი ბიბლიოთეკა | წიგნსაცავი | 2018-12-17 | 84.00 | 811.133.1 I-33 | 57831 | 2018-12-17 | 57831 | 2018-12-17 | წიგნი | 84.00 GEL. | |||||
| ბათუმის შოთა რუსთაველის სახელმწიფო უნივერსიტეტის მთავარი ბიბლიოთეკა | ბათუმის შოთა რუსთაველის სახელმწიფო უნივერსიტეტის მთავარი ბიბლიოთეკა | წიგნსაცავი | 2018-12-17 | 84.00 | 811.133.1 I-33 | 57832 | 2018-12-17 | 57832 | 2018-12-17 | წიგნი | 84.00 GEL. |
